Представление документа в формате MARC21

ПолеНазваниеЗначение
  Тип записи a
  Библиографический уровень m
001 Контрольный номер RU\infra-m\znanium\bibl\2180371
005 Дата корректировки 20260429142112.0
008 Кодируемые данные 251001s2025 RU g rus u
020 Индекс ISBN __
a ISBN 978-5-16-020527-4
020 Индекс ISBN __
a ISBN 978-5-16-113182-4 (электр. издание)
040 Источник каталогиз. __
a Служба первич. каталог. Общество с ограниченной ответственностью «ЗНАНИУМ»
041 Код языка издания __
a Код языка текста rus
044 Код страны публикации __
a Код страны публикации RU
080 Индекс УДК __
a Индекс УДК 81`243(075.8)
084 Индекс другой классификации/Индекс ББК __
2 Источник индекса rubbk
a Индекс другой классификации/Индекс ББК 81.2/81.8стд1-9я73
084 Индекс другой классификации/Индекс ББК __
2 Источник индекса okso
a Индекс другой классификации/Индекс ББК 00.03.02
084 Индекс другой классификации/Индекс ББК __
2 Источник индекса okso
a Индекс другой классификации/Индекс ББК 00.05.02
100 Автор __
a Автор Даминова С.О.
q Полное имя Даминова София Оскаровна
u Дополнение Московский государственный университет им. М.В. Ломоносова
245 Заглавие __
a Заглавие Общаемся на иностранном языке: для факультетов лингвистического профиля
b Продолж. заглавия Учебное пособие
c Ответственность Московский государственный университет им. М.В. Ломоносова
250 Сведения об издании __
a Основные сведения об издании 1
260 Выходные данные __
a Место издания Москва
b Издательство ООО "Научно-издательский центр ИНФРА-М"
c Дата издания 2025
300 Физическое описание __
a Объем 323 с.
440 Серия __
a Серия Высшее образование
520 Аннотация __
a Аннотация Учебное пособие разработано на основе анализа обобщения и систематизации отечественного и зарубежного опыта обучения иностранным языкам в результате которого были выявлены наиболее эффективные упражнения развивающие умения межкультурного общения у учащихся изучающих иностранный язык в вузах. Предлагаются авторские упражнения формирующие когнитивные умения (смысловая переработка информации интеллектуальная деятельность аналитико-синтетическая переработка информации); умения аудиовизуализации визуализации реферативного и конспективного чтения реферативного и конспективного аудирования реферативной и конспективной аудиовизуализации реферирования научной информации на иностранном языке. Соответствует требованиям федеральных государственных образовательных стандартов высшего образования последнего поколения образовательных стандартов Московского государственного университета нацеленных на подготовку специалистов способных успешно осуществлять межкультурное общение в области избранной специальности. Для преподавателей иностранных языков аспирантов и студентов лингвистических и педагогических вузов и факультетов.
521 Примеч. о цел. назн. __
a Примеч. о целев. назн. Профессиональное образование
650 Тематические рубрики __
a Основная рубрика Филологические науки
x Основная подрубрика Общие вопросы. Лингвистика
655 Указ. предметных рубрик (устаревшее) __
a Жанр/ форма (устаревшее) Учебное пособие
856 Электронный адрес документа 4_
a Имя сервера/домена znanium.ru
m Помощь ebs_support@infra-m.ru
n Местонахождение сервера НИЦ ИНФРА-М
u URL https://znanium.ru/catalog/document?id=469243
856 Электронный адрес документа 48
a Имя сервера/домена znanium.ru
d Путь /cover/2180
f Электронное имя 2180371.jpg
q Тип электронного формата image/jpeg
u URL https://znanium.ru/cover/2180/2180371.jpg
911 __
u 0030=https://znanium.ru/catalog/document?id=469243